Detalles MARC
| 000 -LEADER |
| fixed length control field |
02926nam a2200625Ii 4500 |
| 001 - CONTROL NUMBER |
| control field |
DIGSGL21ES0138 |
| 003 - CONTROL NUMBER IDENTIFIER |
| control field |
NyNyDIG |
| 006 - FIXED-LENGTH DATA ELEMENTS--ADDITIONAL MATERIAL CHARACTERISTICS |
| fixed length control field |
m o d |
| 008 - FIXED-LENGTH DATA ELEMENTS--GENERAL INFORMATION |
| fixed length control field |
190205s2017 sp ob 000 0cspa d |
| 007 - PHYSICAL DESCRIPTION FIXED FIELD--GENERAL INFORMATION |
| fixed length control field |
cr ||||||||||| |
| 035 ## - SYSTEM CONTROL NUMBER |
| System control number |
(OCoLC)1084624657 |
| 040 ## - CATALOGING SOURCE |
| Original cataloging agency |
DGITA |
| Language of cataloging |
eng |
| Description conventions |
rda |
| -- |
pn |
| Transcribing agency |
DGITA |
| 020 ## - INTERNATIONAL STANDARD BOOK NUMBER |
| International Standard Book Number |
9788432318825 |
| Qualifying information |
(eBook ; |
| -- |
ePub) |
| 020 ## - INTERNATIONAL STANDARD BOOK NUMBER |
| International Standard Book Number |
8432318825 |
| Qualifying information |
(eBook ; |
| -- |
ePub) |
| 041 1# - LANGUAGE CODE |
| Language code of text/sound track or separate title |
spa |
| Language code of original |
eng |
| 050 14 - LIBRARY OF CONGRESS CALL NUMBER |
| Classification number |
B104 eBook |
| 082 04 - DEWEY DECIMAL CLASSIFICATION NUMBER |
| Classification number |
109.2 |
| 245 00 - TITLE STATEMENT |
| Title |
Filósofos en 90 minutos. |
| Number of part/section of a work |
(Pack 2), |
| Name of part/section of a work |
(Hegel, Nietzsche, Locke, Schopenhauer, Marx y Kant) / |
| Statement of responsibility, etc. |
Paul Strathern. |
| 246 3# - VARYING FORM OF TITLE |
| Title proper/short title |
Filósofos en noventa minutos |
| 246 30 - VARYING FORM OF TITLE |
| Title proper/short title |
Hegel, Nietzsche, Locke, Schopenhauer, Marx y Kant |
| 246 3# - VARYING FORM OF TITLE |
| Title proper/short title |
Nietzsche, Schopenhauer, Marx, Hegel, Kant y Locke |
| 264 #1 - PRODUCTION, PUBLICATION, DISTRIBUTION, MANUFACTURE, AND COPYRIGHT NOTICE |
| Place of production, publication, distribution, manufacture |
Tres Cantos, Madrid, España : |
| Name of producer, publisher, distributor, manufacturer |
Siglo XXI de España Editores, S.A., |
| Date of production, publication, distribution, manufacture, or copyright notice |
[2017] |
| 300 ## - PHYSICAL DESCRIPTION |
| Extent |
1 online resource. |
| 336 ## - CONTENT TYPE |
| Content type term |
text |
| Content type code |
txt |
| Source |
rdacontent |
| 337 ## - MEDIA TYPE |
| Media type term |
computer |
| Media type code |
c |
| Source |
rdamedia |
| 338 ## - CARRIER TYPE |
| Carrier type term |
online resource |
| Carrier type code |
cr |
| Source |
rdacarrier |
| 490 1# - SERIES STATEMENT |
| Series statement |
En 90 minutos |
| 500 ## - GENERAL NOTE |
| General note |
This collection of books by Strathern were published separately in print. The publisher now combined them by subject and published them together in digital format. |
| 504 ## - BIBLIOGRAPHY, ETC. NOTE |
| Bibliography, etc. note |
Includes bibliographical references. |
| 505 00 - FORMATTED CONTENTS NOTE |
| Title |
Hegel en 90 minutos -- |
| -- |
Nietzsche en 90 minutos -- |
| -- |
Locke en 90 minutos -- |
| -- |
Schopenhauer en 90 minutos -- |
| -- |
Marx en 90 minutos -- |
| -- |
Kant en 90 minutos. |
| 520 ## - SUMMARY, ETC. |
| Summary, etc. |
The Pack Filósofos 2 collection brings together 6 of the most outstanding philosophers of the 17th-19th centuries. |
| 588 0# - SOURCE OF DESCRIPTION NOTE |
| Source of description note |
Online resource; title from ePub title page (Digitalia, viewed February 7, 2019) |
| 600 10 - SUBJECT ADDED ENTRY--PERSONAL NAME |
| Personal name |
Nietzsche, Friedrich Wilhelm, |
| Dates associated with a name |
1844-1900. |
| 600 10 - SUBJECT ADDED ENTRY--PERSONAL NAME |
| Personal name |
Schopenhauer, Arthur, |
| Dates associated with a name |
1788-1860. |
| 600 10 - SUBJECT ADDED ENTRY--PERSONAL NAME |
| Personal name |
Marx, Karl, |
| Dates associated with a name |
1818-1883. |
| 600 10 - SUBJECT ADDED ENTRY--PERSONAL NAME |
| Personal name |
Hegel, Georg Wilhelm Friedrich, |
| Dates associated with a name |
1770-1831. |
| 600 10 - SUBJECT ADDED ENTRY--PERSONAL NAME |
| Personal name |
Kant, Immanuel, |
| Dates associated with a name |
1724-1804. |
| 600 10 - SUBJECT ADDED ENTRY--PERSONAL NAME |
| Personal name |
Locke, John, |
| Dates associated with a name |
1632-1704. |
| 650 #0 - SUBJECT ADDED ENTRY--TOPICAL TERM |
| Topical term or geographic name entry element |
Philosophers |
| Form subdivision |
Biography. |
| 655 #7 - INDEX TERM--GENRE/FORM |
| Genre/form data or focus term |
Biographies. |
| Source of term |
lcgft |
| 655 #0 - INDEX TERM--GENRE/FORM |
| Genre/form data or focus term |
Electronic books. |
| 700 1# - ADDED ENTRY--PERSONAL NAME |
| Personal name |
Strathern, Paul, |
| Dates associated with a name |
1940- |
| Title of a work |
Works. |
| Form subheading |
Selections. |
| Language of a work |
Spanish. |
| 700 1# - ADDED ENTRY--PERSONAL NAME |
| Relationship information |
Translation of: |
| Personal name |
Strathern, Paul, |
| Dates associated with a name |
1940- |
| Title of a work |
Hegel in 90 minutes. |
| 700 1# - ADDED ENTRY--PERSONAL NAME |
| Relationship information |
Translation of: |
| Personal name |
Strathern, Paul, |
| Dates associated with a name |
1940- |
| Title of a work |
Nietzsche in 90 minutes. |
| 700 1# - ADDED ENTRY--PERSONAL NAME |
| Relationship information |
Translation of: |
| Personal name |
Strathern, Paul, |
| Dates associated with a name |
1940- |
| Title of a work |
Locke in 90 minutes. |
| 700 1# - ADDED ENTRY--PERSONAL NAME |
| Relationship information |
Translation of: |
| Personal name |
Strathern, Paul, |
| Dates associated with a name |
1940- |
| Title of a work |
Schopenhauer in 90 minutes. |
| 700 1# - ADDED ENTRY--PERSONAL NAME |
| Relationship information |
Translation of: |
| Personal name |
Strathern, Paul, |
| Dates associated with a name |
1940- |
| Title of a work |
Marx in 90 minutes. |
| 700 1# - ADDED ENTRY--PERSONAL NAME |
| Relationship information |
Translation of: |
| Personal name |
Strathern, Paul, |
| Dates associated with a name |
1940- |
| Title of a work |
Kant in 90 minutes. |
| 791 2# - |
| -- |
Digitalia (Firm), |
| -- |
distributor. |
| 793 0# - |
| -- |
Digitalia eBook Collection: |
| -- |
Siglo XXI de España Editores |
| 830 #0 - SERIES ADDED ENTRY--UNIFORM TITLE |
| Uniform title |
90 minutos. |
| 856 40 - ELECTRONIC LOCATION AND ACCESS |
| Materials specified |
Digitalia Hispánica |
| Uniform Resource Identifier |
<a href="https://www.digitaliapublishing.com/a/50456/">https://www.digitaliapublishing.com/a/50456/</a> |
| 910 ## - USER-OPTION DATA (OCLC) |
| User-option data |
Premium collection: 2019 |
| 942 ## - ADDED ENTRY ELEMENTS (KOHA) |
| Koha item type |
Recurso Electrónico |